|
|
|
|
| LEADER |
00000cas a22000001a 4500 |
| 001 |
vtls010302492 |
| 003 |
SK-MaSNL |
| 005 |
20260228162850.0 |
| 008 |
110810d19461949xo mr p 0 b0slo |
| 040 |
|
|
|a SNK
|b slo
|c SNK
|e AACR2
|
| 041 |
0 |
|
|a slo
|
| 044 |
|
|
|a xo
|c SK
|
| 072 |
|
7 |
|a 061.2
|x Nevládne organizácie a kooperácia
|2 konspekt
|
| 080 |
|
|
|a 061.2
|2 2001
|
| 080 |
|
|
|a 055
|2 2001
|
| 245 |
0 |
0 |
|a Vestník Masarykovej československej spoločnosti
|
| 260 |
|
|
|a Skalica
|b Masarykova československá spoločnosť v Hodoníne
|c 1946-1949
|
| 300 |
|
|
|a 4 zv.
|c 30 cm
|
| 310 |
|
|
|a 1x mesačne
|
| 362 |
0 |
|
|a Roč. I, č. 1 (15.5.1946)-roč. IV, č. 2 (15.12.1949)
|
| 500 |
|
|
|a Tlač. Malá kníhtlačiareň v Skalici ; od č. 1/(15. febr. 1949) Kníhtlačiareň G. Teslíka v Skalici
|
| 500 |
|
|
|a Zodpovedný redaktor: Vojtech Prokopius
|
| 650 |
0 |
7 |
|a spolky
|2 SNKPH
|9 4725
|
| 650 |
0 |
7 |
|a vestníky
|2 SNKPH
|9 267726
|
| 700 |
1 |
|
|a Prokopius, Vojtech
|4 lso
|9 272346
|
| 710 |
2 |
|
|a Masarykova československá spoločnosť (Hodonín, Česko)
|4 pbl
|9 272347
|
| 910 |
|
|
|a snk
|
| 916 |
|
|
|a 1946-1949
|
| 999 |
|
|
|c 8467
|d 10397
|
| 952 |
|
|
|0 0
|1 0
|4 0
|7 0
|8 5
|a SNK
|b SNK
|d 2020-09-25
|f 1
|i snkF 3515/68
|l 0
|o snkČSB 950/2/1947
|p 17A0749608
|r 2026-02-21 22:16:08
|t č. 1-4
|w 2026-02-21
|y PREZ
|
| 952 |
|
|
|0 0
|1 0
|4 0
|7 0
|8 5
|a SNK
|b SNK
|d 2020-09-25
|f 1
|i snkF 3514/48
|l 0
|o snkČSB 950/3/1948
|p 17A0749603
|r 2026-02-21 22:16:08
|t č. 1-2
|w 2026-02-21
|y PREZ
|
| 952 |
|
|
|0 0
|1 0
|4 0
|7 0
|8 5
|a SNK
|b SNK
|d 2020-09-25
|f 1
|i snkXI. 1991/55
|l 0
|o snkČSB 950/4/1949
|p 17A0749612
|r 2026-02-21 22:16:08
|t č. 1-2
|w 2026-02-21
|y PREZ
|
| 952 |
|
|
|0 0
|1 0
|4 0
|7 0
|8 5
|a SNK
|b SNK
|d 2020-09-25
|f 1
|i snkF 3511/68
|l 0
|o snkČSB 950/1/1946
|p 17A0749609
|r 2026-02-21 22:16:08
|t č. 1-4
|w 2026-02-21
|y PREZ
|